| 000 | 00379nam a22001457a 4500 | ||
|---|---|---|---|
| 005 | 20150312104840.0 | ||
| 008 | 150312b xxu||||| |||| 00| 0 eng d | ||
| 040 | _cPK-LaUMT | ||
| 082 |
_aKHC 954.035 _bZAH-F |
||
| 100 | _aZahurul Haq | ||
| 245 |
_aFacts are sacred- Mr. Wali Khan _cZahurul Haq |
||
| 260 |
_aLahore _bProgressive Papers _c1953 |
||
| 300 | _a125 p. | ||
| 942 | _cBK | ||
| 999 |
_c67750 _d67750 |
||